Loading...
| History - American History | 2 | 0 | 0 | 0 | 30 | 64 | 69.50 | 2 | 2 |
| Science - Biology | 1 | 1 | 0 | 0 | 25 | 59 | 93.00 | 1 | 1 |
| Philosophy | 1 | 1 | 0 | 0 | 25 | 71 | 78.50 | 1 | 2 |
| Ancient History and Archaeology | 0 | 2 | 0 | 1 | 20 | 87 | 112.50 | 1 | 1 |
| History - European History | 1 | 0 | 0 | 0 | 15 | 67 | 67.00 | 0 | 0 |
| World and Other Literature | 1 | 0 | 1 | 0 | 10 | 95 | 95.00 | 0 | 0 |
| Fine Arts - Auditory Fine Arts | 0 | 1 | 0 | 0 | 10 | 139 | 139.00 | 0 | 0 |
| Fine Arts - Visual Fine Arts | 0 | 1 | 0 | 0 | 10 | 145 | 145.00 | 1 | 1 |
| Literature - American Literature | 0 | 1 | 0 | 0 | 10 | 120 | 120.00 | 0 | 1 |
| Other Arts: Auditory | 0 | 1 | 0 | 0 | 10 | 82 | 82.00 | 0 | 1 |
| Science - Physics | 0 | 1 | 0 | 1 | 10 | 138 | 138.00 | 0 | 0 |
| Chemistry> | 0 | 0 | 0 | 0 | 0 | 0.00 | 0 | 0 | |
| Social Science | 0 | 1 | 2 | 0 | 0 | 119 | 119.00 | 0 | 0 |
| British and Commonwealth History | 0 | 0 | 1 | 0 | -5 | 0.00 | 0 | 0 | |
| Other Science: Earth Science | 0 | 0 | 1 | 0 | -5 | 0.00 | 0 | 0 |